10 Najwartościowszych Duńczyków - Statystyki

Ogólne statystyki
  • Ten quiz został rozwiązany 52 razy
  • Średni wynik to 3 z 10
Statystyki odpowiedzi
Wartość Piłkarz % Poprawnych
68 mln Eriksen
100%
24 mln Poulsen
67%
24 mln Christensen
29%
16 mln Dolberg
29%
12 mln Vestergaard
20%
17,5 mln Delaney
18%
12 mln Hojberg
12%
11 mln Wass
12%
16 mln Andersen
10%
14,5 mln Billing
2%
Nie znaleziono quizów pasujących do podanych kryteriów
Rozkład punktacji
Procent ludzi z każdym wynikiem
Percentyl według liczby udzielonych odpowiedzi
Twoja historia wyników
Nie rozwiązałeś tego quizu